| 000 | 00645nam a2200229Ia 4500 | ||
|---|---|---|---|
| 003 | OSt | ||
| 005 | 20220924122415.0 | ||
| 006 | a|||||r|||| 00| 0 | ||
| 007 | ta | ||
| 008 | 220923b |||||||| |||| 00| 0 urd d | ||
| 024 | _a320778 | ||
| 037 | _cTextual | ||
| 040 |
_aARTS _cARTS _burd |
||
| 041 |
_2urd _aurd |
||
| 082 | _aDelta73wL27, 168H4 | ||
| 100 | _aSindhi Abeedullah Au. | ||
| 245 | 0 | _aShah Waliullah aur unka falsafa | |
| 260 |
_aLahore _bSindh sagar academy Pakistan _c1944 |
||
| 650 | _aMYSTICISM | ||
| 942 |
_hDelta73wL27, 168H4 _cTEXL _2CC |
||
| 999 |
_c411506 _d411506 |
||